000 00714cam a2200253 4500500
005 20260329003317.0
041 _afre
042 _adc
100 1 0 _aFereday, Jack
_eauthor
245 0 0 _aMatière à penser / juin 2015
260 _c2015.
500 _a52
690 _aCapital naturel
690 _aCivilisation
690 _aErnst Friedrich
690 _aLabyrinthe
690 _aLuc Ferry
690 _aProgrès
690 _aRégis Debray
690 _aRépublicains
690 _aRust Cohle
786 0 _nPhilosophie magazine | 90 | 6 | 2015-06-01 | p. 10-11 | 1951-1787
856 4 1 _uhttps://shs.cairn.info/magazine-philosophie-magazine-2015-6-page-10?lang=fr&redirect-ssocas=7080
999 _c1823400
_d1823400